000 00480cam a22002051 4500
001 sa 68000014
003 DLC
005 20260227112419.0
008 881029s1966 xx 000 0 benr
010 _asa 68000014
035 _a(OCoLC)23580176
040 _aDLC
_cMiU
_dDLC
042 _apremarc
050 0 0 _aPK1730.26.H25
_bC5
100 1 _aKhaleque, Khondkar Abdul.
245 1 0 _aCiáš­hi.
260 _a[n.p.
_c1966]
300 _a52 p.
_c22 cm.
500 _aRomanized.
999 _c76876
_d76876